| 000 | 00893cab a2200265 4500 | ||
|---|---|---|---|
| 001 | ABS55719 | ||
| 008 | 090401t1996 xxu||||| |||| 00| 0 eng d | ||
| 035 | _a(Sirsi) u18294 | ||
| 041 | _aeng | ||
| 245 | _aLiability | ||
| 260 | _c1996 | ||
| 350 | _a0 | ||
| 490 |
_aRIBA Journal _v103(90 September 1996, 68-71(3) |
||
| 520 | _aHighlights the importance of keeping comprehensive records suggesting appropriate retention periods for different types of documentation. Examines a variety of storage media from electronic stored data to microfilming and its authencity in the courts. | ||
| 650 | _aARCHIVES | ||
| 650 | _aDOCUMENTATION | ||
| 650 | _aELECTRONICALLY STORED DATA | ||
| 650 | _aMICROFILMING | ||
| 650 | _aRECORDS MANAGEMENT | ||
| 650 | _aRETENTION PERIODS | ||
| 650 | _aRETENTION | ||
| 690 | _aOFFICE SERVICES AND ADMINISTRATION | ||
| 942 | _n0 | ||
| 948 | _c04/03/1997 | ||
| 999 |
_c12144 _d12144 |
||